| 000 | 00460nam a2200157Ia 4500 | ||
|---|---|---|---|
| 999 |
_c20091 _d20091 |
||
| 003 | OSt | ||
| 005 | 20200630150016.0 | ||
| 008 | 190216s9999||||xx |||||||||||||| ||und|| | ||
| 040 | _coclc | ||
| 082 |
_a909 _bGAR/U |
||
| 100 |
_aGarrty, John A _93366 |
||
| 245 | 4 |
_aThe University History Of The World / _cJohn A Garrty ; Peter Gay |
|
| 260 |
_bNew Oxford Edition, _c1978. |
||
| 300 | _a1237p | ||
| 942 |
_cBK _2ddc _h909 _iGAR/U _k909 _mGAR/U |
||